|
|
|
|
| LEADER |
00000cam a2200000 7i4500 |
| 001 |
0000016775 |
| 005 |
20060710.0 |
| 040 |
|
|
|a INS
|
| 090 |
0 |
0 |
|a Thesis 6
|
| 100 |
0 |
|
|a Iskandar Ismail
|
| 245 |
1 |
4 |
|a The operational property manegement process in large non- property organisation perpective
|c Iskandar Ismail
|
| 260 |
|
|
|a 1996
|
| 300 |
|
|
|
| 500 |
|
|
|a A thesis submitted in fulfilment of the requirements of the degree of Ph.D., Department of Land Management and Development, Faculty of Urban and Regional Studies, The University of Reading
|
| 650 |
0 |
0 |
|a Real estate management
|
| 999 |
|
|
|a THE0000008
|b BOOK
|c Thesis
|e Default branch
|
| 999 |
|
|
|a THE0000009
|b BOOK
|c Thesis
|e Default branch
|